[Event "Regionalliga SO 0607"]
[Site "Bayern"]
[Date "2006.10.15"]
[Round "1.7"]
[White "Schneider, Roland"]
[Black "Spohn, Oliver"]
[Result "1-0"]
[WhiteElo "2040"]
[BlackElo "1802"]
[PlyCount "37"]
[EventDate "2006.10.15"]
[EventType "team-tourn"]
[EventRounds "9"]
[EventCountry "GER"]
[SourceTitle "EXT 2008"]
[Source "ChessBase"]
[SourceDate "2007.11.25"]
[SourceVersion "1"]
[SourceVersionDate "2007.11.25"]
[SourceQuality "1"]
[WhiteTeam "Passau II"]
[BlackTeam "Trostberg"]
[WhiteTeamCountry "GER"]
[BlackTeamCountry "GER"]

1. e4 d5 2. exd5 Nf6 3. d4 Qxd5 4. Nc3 Qd6 5. Bc4 Bg4 6. f3 Bf5 7. Nge2 Nc6 8. 0-0 0-0-0 9. Be3 e5 10. d5 Nb4 11. Nb5 Qd7 12. Nxa7+ Kb8 13. Bf2 Nbxd5 14. c3 g5 15. Qb3 c6 16. Rad1 Bd6 17. Ng3 e4 18. Nxf5 Qxf5 19. Nxc6+ 1-0